书目信息 |
| 题名: |
51区
|
|
| 作者: | 雅各布森 著 ;王祖宁 译 | |
| 分册: | ||
| 出版信息: | 重庆 重庆出版社 2012.07 |
|
| 页数: | 377页 | |
| 开本: | 24cm | |
| 丛书名: | ||
| 单 册: | ||
| 中图分类: | E712.13 | |
| 科图分类: | ||
| 主题词: | 军事基地--研究--美国 , 军事基地 | |
| 电子资源: | ||
| ISBN: | 978-7-229-05218-8 | |
| 000 | 01251nam0 2200313 450 | |
| 001 | 010050010114 | |
| 005 | 20130609082512.71 | |
| 010 | @a978-7-229-05218-8@dCNY49.80 | |
| 035 | @a005996069 | |
| 100 | @a20120823d2012 em y0chiy0110 ea | |
| 101 | 1 | @achi@ceng |
| 102 | @aCN@b500000 | |
| 105 | @aa z 000yy | |
| 106 | @ar | |
| 200 | 1 | @a51区@951 qu@e封存60年的美国绝密军事基地档案@f(美)安妮·雅各布森(Annie Jacobsen)著@g王祖宁译 |
| 210 | @a重庆@c重庆出版社@d2012.07 | |
| 215 | @a377页@c照片,图@d24cm | |
| 305 | @a通过Grand China Publishing House(中资出版社)授权出版 | |
| 312 | @a封面英文题名:An uncensored history of America's top secret military base | |
| 330 | @a本书共分15章,内容包括:勇闯51区、“世界争霸战”真实上演、瞒天过海、破解谜中谜、鬼城复活、终结猫鼠游戏、核战一触即发、侵犯中国假象敌等。 | |
| 510 | 1 | @aUncensored history of America's top secret military base@zeng |
| 517 | 1 | @a封存60年的美国绝密军事基地档案@9feng cun 60 nian de mei guo jue mi jun shi ji di dang an |
| 606 | 0 | @a军事基地@x研究@y美国 |
| 606 | 0 | @a军事基地 |
| 690 | @aE712.13@v5 | |
| 701 | 0 | @c(美)@a雅各布森@9ya ge bu sen@c(女,Jacobsen, Annie)@4著 |
| 702 | 0 | @a王祖宁@9wang zu ning@4译 |
| 801 | 0 | @aCN@bNLC@c20120904 |
| 905 | @dE712.13@e88 | |
| 51区:封存60年的美国绝密军事基地档案/(美)安妮·雅各布森(Annie Jacobsen)著/王祖宁译.-重庆:重庆出版社,2012.07 |
| 377页:照片,图;24cm |
| ISBN 978-7-229-05218-8:CNY49.80 |
| 本书共分15章,内容包括:勇闯51区、“世界争霸战”真实上演、瞒天过海、破解谜中谜、鬼城复活、终结猫鼠游戏、核战一触即发、侵犯中国假象敌等。 |
| ● |
| 相关链接 |
|
|
|
|
正题名:51区
索取号:E712.13/88
 
预约/预借
| 序号 | 登录号 | 条形码 | 馆藏地/架位号 | 状态 | 备注 |
| 1 | 0545711 | 205457110 | 第一样本阅览室/ [索取号:E712.13/88] | 在馆 | |
| 2 | 0545712 | 205457129 | 第一借阅区/ [索取号:E712.13/88] | 在馆 | |
| 3 | 0545713 | 205457138 | 第一借阅区/ [索取号:E712.13/88] | 在馆 | |
| 4 | 0545714 | 205457147 | 第一借阅区/ [索取号:E712.13/88] | 在馆 | |
| 5 | 0545715 | 205457156 | 第一借阅区/ [索取号:E712.13/88] | 在馆 |